Bilder nach Buchstabe Ö - Statistiken

Allgemein
  • Dieses Quiz wurde 350 mal gespielt
  • Das Durchschnittsergebnis liegt bei 9 aus 14
Antwortstatistiken
Bildquiz Antwort % Korrekt
Öl
99%
Österreich
99%
öffentlich
82%
Ölfarbe
82%
Öse
81%
Ötzi
75%
Öhr
70%
Öffnung
60%
Ölsardinen
52%
Ölkäfer
41%
ÖBB
38%
ökologisch
35%
Ödland
31%
Ölspur
10%
Keine übereinstimmenden Quizze gefunden
Verteilung der Resultate
Anzahl Personen mit jedem Resultat
Perzentil nach korrekt beantworteten Fragen
Ihre Resultats-Entwicklung
Sie haben dieses Quiz noch nicht gespielt